[Event "IX American Continental Classical Championship 201"]
[Site "Hotel Pipa AtlÃ¢ntico - Praia da Pipa - Rio Grande"]
[Date "2014.10.19"]
[Round "3"]
[Board "53"]
[White "Rapouso, Ricardo Luis Borba"]
[Black "Ibar, Marcelo"]
[Result "0-1"]
[WhiteElo "1934"]
[BlackElo "2155"]
[PlyCount "130"]
[EventDate "2014.10.18"]
[EventRounds "11"]
[EventCountry "BRA"]

1. d4 Nf6 2. c4 g6 3. Nc3 Bg7 4. e4 d6 5. Be2 O-O 6. Nf3 e5 7. O-O Nc6 8. d5
Ne7 9. b4 a5 10. bxa5 Rxa5 11. a4 Ne8 12. Ba3 f5 13. Bb4 Ra8 14. Ng5 Bh6 15. h4
fxe4 16. Ncxe4 Nf5 17. Bd2 Nf6 18. g3 Nxe4 19. Nxe4 Bxd2 20. Nxd2 Nxh4 21. Bg4
Qg5 22. Bxc8 Raxc8 23. Ra3 b6 24. Kh2 Nf5 25. Kg2 Nd4 26. Ne4 Qf5 27. Qd3 g5
28. f3 Rf7 29. Rf2 Rcf8 30. g4 Qg6 31. Ng3 Qxd3 32. Rxd3 Ra8 33. Ra2 Ra5 34.
Ne4 h6 35. Kg3 Rf8 36. Kf2 Kg7 37. Rda3 Kg6 38. Kg3 Rfa8 39. Nd2 b5 40. cxb5
Nxb5 41. Nc4 Nxa3 42. Nxa5 Rxa5 43. Rxa3 Rxd5 44. a5 Rb5 45. a6 Rb8 46. Rc3 Ra8
47. Rc6 Ra7 48. Kf2 Kf6 49. Ke3 Ke6 50. Ke4 Kd7 51. Rc3 Rxa6 52. Kf5 Ra4 53.
Kg6 Rf4 54. Kxh6 e4 55. fxe4 Rxg4 56. Re3 Ke6 57. Kg6 Ke5 58. Rc3 c5 59. Kh5
Rxe4 60. Kxg5 c4 61. Ra3 Re1 62. Kg4 Ke4 63. Ra6 Rg1+ 64. Kh3 d5 65. Kh2 Rg8
 0-1

[Event "IX American Continental Classical Championship 201"]
[Site "Hotel Pipa AtlÃ¢ntico - Praia da Pipa - Rio Grande"]
[Date "2014.10.19"]
[Round "3"]
[Board "54"]
[White "Zallio, Luciano De Souza"]
[Black "Schuh, Astor Jose"]
[Result "1-0"]
[WhiteElo "2150"]
[BlackElo "1956"]
[PlyCount "140"]
[EventDate "2014.10.18"]
[EventRounds "11"]
[EventCountry "BRA"]

1. e4 c5 2. Nf3 Nc6 3. d4 cxd4 4. Nxd4 e5 5. Nb5 d6 6. N1c3 a6 7. Na3 b5 8. Nd5
Nf6 9. Bg5 Be7 10. Bxf6 Bxf6 11. c3 O-O 12. Nc2 Bg5 13. a4 bxa4 14. Rxa4 Bb7
15. Nce3 Bxe3 16. Nxe3 Ne7 17. Bd3 Qd7 18. O-O Ng6 19. g3 h5 20. Qc2 h4 21.
Rfa1 hxg3 22. fxg3 Qc6 23. Qf2 Ne7 24. Nc4 Qc7 25. Qb6 Qxb6+ 26. Nxb6 Rad8 27.
Bxa6 Bc6 28. Rb4 Rb8 29. Bd3 Rb7 30. Nc4 Rxb4 31. cxb4 Rb8 32. Na5 Rxb4 33. b3
Bxe4 34. Bxe4 Rxe4 35. Rb1 Rb4 36. Nc4 Nf5 37. Kf2 f6 38. Nd2 d5 39. Ke2 e4 40.
g4 Nd4+ 41. Ke3 Nc2+ 42. Ke2 Kf7 43. Rb2 Nd4+ 44. Ke3 Ke6 45. Ra2 Ke5 46. Ra4
Nc2+ 47. Ke2 d4 48. Nc4+ Kf4 49. Kd2 d3 50. Rxb4 Nxb4 51. Ne3 g5 52. Nf1 Kxg4
53. Kc3 Nc6 54. b4 Kf3 55. b5 Ne5 56. b6 Nc6 57. Ng3 Kf4 58. b7 Ke5 59. Nf1 f5
60. Ne3 f4 61. Ng4+ Ke6 62. Nf2 Kd5 63. Ng4 f3 64. Kd2 Kd4 65. Ne3 f2 66. Nf1
g4 67. Ne3 Ke5 68. Nc4+ Kf4 69. Ne3 Kf3 70. h4 Nb8 {tempo} 1-0

[Event "IX American Continental Classical Championship 201"]
[Site "Hotel Pipa AtlÃ¢ntico - Praia da Pipa - Rio Grande"]
[Date "2014.10.19"]
[Round "3"]
[Board "55"]
[White "Caceres Vasquez, Sergio"]
[Black "Freitas, Remulo Aguiar"]
[Result "1-0"]
[WhiteElo "2138"]
[BlackElo "1944"]
[PlyCount "107"]
[EventDate "2014.10.18"]
[EventRounds "11"]
[EventCountry "BRA"]

1. d4 d5 2. c4 c6 3. Nf3 e6 4. Qc2 f5 5. g3 Nf6 6. Bg2 Bd6 7. O-O O-O 8. Nc3
Qe8 9. Rb1 a6 10. c5 Bc7 11. Bf4 Bxf4 12. gxf4 Nbd7 13. b4 Ne4 14. e3 Rf6 15.
Ne1 Nxc3 16. Qxc3 Qh5 17. f3 Rh6 18. h3 Rg6 19. Kh1 Qh4 20. Qd2 Nf6 21. Qf2 Rg3
22. Kh2 Nh5 23. Nd3 a5 24. Rg1 Qe7 25. b5 Bd7 26. b6 Rf8 27. Bh1 Rxg1 28. Rxg1
Be8 29. Qe1 a4 30. Qb4 Rf6 31. Qxa4 Rh6 32. Qc2 Rf6 33. a4 Rf8 34. a5 Bd7 35.
Ra1 Ra8 36. Qf2 h6 37. Nb4 Bc8 38. a6 g5 39. fxg5 hxg5 40. axb7 Bxb7 41. Rxa8+
Bxa8 42. Qa2 Qb7 43. Qa7 Nf6 44. Qxb7 Bxb7 45. Bg2 Nd7 46. Bf1 Nb8 47. Kg3 Kf7
48. f4 g4 49. hxg4 fxg4 50. Kxg4 Kf6 51. Bd3 Bc8 52. Kh4 Bb7 53. e4 Bc8 54. e5+
 1-0

[Event "IX American Continental Classical Championship 201"]
[Site "Hotel Pipa AtlÃ¢ntico - Praia da Pipa - Rio Grande"]
[Date "2014.10.19"]
[Round "3"]
[Board "56"]
[White "Ribeiro , Allysson"]
[Black "Leitao, Nicolau"]
[Result "0-1"]
[WhiteElo "1926"]
[BlackElo "2138"]
[PlyCount "56"]
[EventDate "2014.10.18"]
[EventRounds "11"]
[EventCountry "BRA"]

1. d4 Nf6 2. c4 e6 3. Nf3 b6 4. Nc3 Bb4 5. e3 Bb7 6. Be2 O-O 7. Qc2 d6 8. a3
Bxc3+ 9. Qxc3 Nbd7 10. O-O Ne4 11. Qc2 f5 12. b4 Rf6 13. Ne1 Rh6 14. f3 Qh4 15.
fxe4 Qxh2+ 16. Kf2 fxe4 17. Bd1 Rf8+ 18. Ke2 Rxf1 19. Kxf1 Rf6+ 20. Ke2 Qh5+
21. Kd2 Rf2+ 22. Kc3 Rxc2+ 23. Kxc2 Qh4 24. Bd2 Qf2 25. Kc3 e5 26. d5 Nf6 27.
b5 Bxd5 28. a4 Bxc4 0-1

[Event "IX American Continental Classical Championship 201"]
[Site "Hotel Pipa AtlÃ¢ntico - Praia da Pipa - Rio Grande"]
[Date "2014.10.19"]
[Round "3"]
[Board "57"]
[White "Souza, Rafael Cabral De"]
[Black "Zimmermann, Kleber Renato P."]
[Result "1-0"]
[WhiteElo "2138"]
[BlackElo "1938"]
[PlyCount "123"]
[EventDate "2014.10.18"]
[EventRounds "11"]
[EventCountry "BRA"]

1. e4 c5 2. Nf3 d6 3. Bb5+ Nd7 4. O-O Ngf6 5. Re1 a6 6. Bf1 e6 7. a4 Be7 8. c3
b6 9. d4 Bb7 10. Bd3 h6 11. Nbd2 O-O 12. Qe2 cxd4 13. cxd4 e5 14. d5 Nh5 15.
Nf1 f5 16. Nd4 exd4 17. Qxh5 fxe4 18. Bxe4 Nf6 19. Qg6 Nxe4 20. Bxh6 Bf6 21.
Rxe4 Bxd5 22. Rg4 Qe8 23. Qd3 Qh5 24. Rg6 Kf7 25. Rg5 Bxg5 26. Qf5+ Kg8 27.
Qxd5+ Qf7 28. Qxf7+ Kxf7 29. Bxg5 Rac8 30. Rd1 Rc2 31. b3 Kg6 32. f4 Re8 33. g4
Ree2 34. Rxd4 Rg2+ 35. Kh1 Rgf2 36. Rxd6+ Kh7 37. Rd1 Rb2 38. Kg1 Rg2+ 39. Kh1
Rgf2 40. Kg1 Rg2+ 41. Kh1 Rgf2 42. f5 Rxb3 43. Be3 Re2 44. g5 Rexe3 45. Nxe3
Rxe3 46. Rd7 Kg8 47. g6 Kf8 48. Rf7+ Ke8 49. Rxg7 Rf3 50. Rf7 b5 51. Kg2 Rf4
52. axb5 axb5 53. Kg3 Rf1 54. Kg2 Rf4 55. Kg3 Rf1 56. Kg4 Rg1+ 57. Kf4 Rh1 58.
Rb7 Rxh2 59. Kg3 Rh1 60. Kg2 Rh5 61. Rxb5 Ke7 62. f6+ 1-0

[Event "IX American Continental Classical Championship 201"]
[Site "Hotel Pipa AtlÃ¢ntico - Praia da Pipa - Rio Grande"]
[Date "2014.10.19"]
[Round "3"]
[Board "58"]
[White "Braga, Jose Pereira"]
[Black "Palacio, Igor Da Paz"]
[Result "0-1"]
[WhiteElo "1922"]
[BlackElo "2130"]
[PlyCount "124"]
[EventDate "2014.10.18"]
[EventRounds "11"]
[EventCountry "BRA"]

1. e4 c5 2. Nf3 Nc6 3. d4 cxd4 4. Nxd4 Nf6 5. Nc3 e6 6. Bg5 a6 7. Be2 Bb4 8.
O-O h6 9. Bxf6 Qxf6 10. Nxc6 dxc6 11. Qd3 O-O 12. Rad1 e5 13. a3 Be7 14. Qg3
Qg5 15. Qxg5 Bxg5 16. Bc4 b5 17. Ba2 Rd8 18. Rxd8+ Bxd8 19. Rd1 Be7 20. Kf1 Kf8
21. Ke2 Ke8 22. f3 a5 23. Nb1 Ba6 24. Ke1 Bc5 25. Nd2 Rd8 26. c4 b4 27. a4 Ke7
28. b3 Bc8 29. Nf1 Rg8 30. Ng3 g6 31. Bb1 h5 32. Ke2 h4 33. Nf1 Rh8 34. h3 Rh5
35. Nh2 f5 36. Kf1 Rh8 37. Ke2 Be6 38. Nf1 Rh7 39. Nh2 Rh5 40. Bd3 Rg5 41. Kf1
Bd4 42. Bc2 c5 43. f4 Rg3 44. fxe5 Rc3 45. exf5 gxf5 46. Rd2 Bxe5 47. Nf3 Bf6
48. Bd1 f4 49. Re2 Rc1 50. Rd2 Bc3 51. Rd3 Bf5 52. Rd5 Be4 53. Rxc5 Bxf3 54.
gxf3 Rxd1+ 55. Ke2 Rd2+ 56. Kf1 Rb2 57. Rxa5 Rxb3 58. Rf5 Ra3 59. a5 b3 60. Rb5
b2 61. c5 Ra1+ 62. Ke2 b1=Q 0-1

[Event "IX American Continental Classical Championship 201"]
[Site "Hotel Pipa AtlÃ¢ntico - Praia da Pipa - Rio Grande"]
[Date "2014.10.19"]
[Round "3"]
[Board "59"]
[White "Martinez, Ayelen"]
[Black "Pinero, Ismael"]
[Result "1-0"]
[WhiteElo "2120"]
[BlackElo "1925"]
[PlyCount "51"]
[EventDate "2014.10.18"]
[EventRounds "11"]
[EventCountry "BRA"]

1. e4 c5 2. Nf3 Nc6 3. Bb5 g6 4. c3 Bg7 5. O-O e5 6. d4 cxd4 7. cxd4 Nxd4 8.
Nxd4 exd4 9. Bf4 Qb6 10. Na3 Ne7 11. Nc4 Qe6 12. Nd6+ Kf8 13. Qd2 Be5 14. Bh6+
Kg8 15. Nxc8 Nxc8 16. f4 Nd6 17. Bd3 Bg7 18. Bxg7 Kxg7 19. f5 gxf5 20. e5 Qxe5
21. Qg5+ Kf8 22. Rae1 Qc5 23. Qh6+ Kg8 24. Rf3 f4 25. Rxf4 f5 26. Qg5+ 1-0

[Event "IX American Continental Classical Championship 201"]
[Site "Hotel Pipa AtlÃ¢ntico - Praia da Pipa - Rio Grande"]
[Date "2014.10.19"]
[Round "3"]
[Board "60"]
[White "Fragoso, Evander Correa"]
[Black "Santos, Anderson Guerra Dos"]
[Result "0-1"]
[WhiteElo "1913"]
[BlackElo "2119"]
[PlyCount "50"]
[EventDate "2014.10.18"]
[EventRounds "11"]
[EventCountry "BRA"]

1. d4 Nf6 2. c4 g6 3. Nc3 Bg7 4. Nf3 O-O 5. e4 d6 6. g3 Nc6 7. Bg2 Bg4 8. h3
Bxf3 9. Bxf3 e5 10. dxe5 Nxe5 11. Be2 Qd7 12. Be3 Rfe8 13. f4 Nxc4 14. Bxc4
Nxe4 15. Nxe4 Rxe4 16. Qd3 Rxe3+ 17. Qxe3 Re8 18. Qe2 Rxe2+ 19. Bxe2 Bxb2 20.
Rb1 Bc3+ 21. Kf2 b6 22. Rhc1 Bd4+ 23. Kg2 c5 24. Bb5 Qe6 25. Re1 Qxa2+ 0-1

[Event "IX American Continental Classical Championship 201"]
[Site "Hotel Pipa AtlÃ¢ntico - Praia da Pipa - Rio Grande"]
[Date "2014.10.19"]
[Round "3"]
[Board "61"]
[White "Lima, Alan Silva De"]
[Black "Souza, Marcos Valerio A."]
[Result "0-1"]
[WhiteElo "1904"]
[BlackElo "2117"]
[PlyCount "72"]
[EventDate "2014.10.18"]
[EventRounds "11"]
[EventCountry "BRA"]

1. c4 Nf6 2. d4 g6 3. Nc3 Bg7 4. e4 d6 5. f3 O-O 6. Be3 Nc6 7. Qd2 a6 8. a3 e5
9. d5 Nd4 10. Qd1 c5 11. dxc6 bxc6 12. Nge2 c5 13. Ng3 h5 14. Bd3 h4 15. Nge2
h3 16. O-O hxg2 17. Kxg2 Nh5 18. Ng3 Qh4 19. Rg1 Nf4+ 20. Kh1 Nxd3 21. Bxd4
cxd4 22. Qxd3 dxc3 23. bxc3 Qf6 24. Rac1 Rb8 25. Rc2 Bd7 26. Ne2 Ba4 27. Rd2
Rb6 28. Rg3 Rfb8 29. f4 Rb1+ 30. Kg2 R1b2 31. Re3 Rxd2 32. Qxd2 Bc6 33. Kg3 g5
34. f5 Qh6 35. h3 Qh4+ 36. Kh2 Bh6 0-1

[Event "IX American Continental Classical Championship 201"]
[Site "Hotel Pipa AtlÃ¢ntico - Praia da Pipa - Rio Grande"]
[Date "2014.10.19"]
[Round "3"]
[Board "62"]
[White "Carneiro, Francisco Caninde Sa"]
[Black "Arango, Andres Mauricio"]
[Result "0-1"]
[WhiteElo "1887"]
[BlackElo "2111"]
[PlyCount "62"]
[EventDate "2014.10.18"]
[EventRounds "11"]
[EventCountry "BRA"]

1. e4 c5 2. Nf3 e6 3. d4 cxd4 4. Nxd4 Nf6 5. Bd3 Nc6 6. c3 d5 7. exd5 exd5 8.
O-O Be7 9. Nf5 Bxf5 10. Bxf5 d4 11. Qf3 O-O 12. Rd1 Qb6 13. Nd2 dxc3 14. Qxc3
Rfd8 15. Re1 Bb4 16. Qc2 Nd4 17. Qa4 Nxf5 18. Nc4 Qc5 19. Re5 Qxc4 20. Rxf5 Qe4
21. Be3 Qxf5 22. Qxb4 Nd5 23. Qxb7 Nxe3 24. fxe3 Rab8 25. Qc7 Rdc8 26. Qxa7
Rxb2 27. Rf1 Rb1 28. Rxb1 Qxb1+ 29. Kf2 Rc2+ 30. Kg3 Rxa2 31. Qe7 Qg6+ 0-1

[Event "IX American Continental Classical Championship 201"]
[Site "Hotel Pipa AtlÃ¢ntico - Praia da Pipa - Rio Grande"]
[Date "2014.10.19"]
[Round "3"]
[Board "63"]
[White "Luz, Arthur Nader"]
[Black "Araujo, Sergio Murilo"]
[Result "1/2-1/2"]
[WhiteElo "1885"]
[BlackElo "2109"]
[PlyCount "95"]
[EventDate "2014.10.18"]
[EventRounds "11"]
[EventCountry "BRA"]

1. d4 d5 2. c4 c6 3. Nc3 Nf6 4. Nf3 e6 5. e3 Nbd7 6. Qc2 Bd6 7. b3 O-O 8. Bd3
Re8 9. O-O h6 10. Bb2 e5 11. dxe5 Nxe5 12. Nxe5 Bxe5 13. h3 Qe7 14. cxd5 Nxd5
15. Nxd5 cxd5 16. Rad1 Bd7 17. Qe2 Rac8 18. Bb1 Bc6 19. Bd4 a6 20. Qf3 g6 21.
Bxe5 Qxe5 22. Rd4 Kg7 23. Rfd1 a5 24. Qe2 h5 25. Qd2 b6 26. Qd3 Bb7 27. Re1 Rc5
28. Qf1 Rec8 29. f4 Qf6 30. Qf2 Rc1 31. g4 hxg4 32. hxg4 Qe7 33. Rdd1 R1c3 34.
g5 f6 35. f5 fxg5 36. fxg6 Rf8 37. Qd2 Qe5 38. Qd4 Qf6 39. Rf1 Qxd4 40. exd4
Ba6 41. Rxf8 Kxf8 42. Kf2 g4 43. Re1 Bd3 44. Bxd3 Rxd3 45. Re6 Rxd4 46. Rxb6 a4
47. bxa4 Rxa4 48. Rd6 1/2-1/2

[Event "IX American Continental Classical Championship 201"]
[Site "Hotel Pipa AtlÃ¢ntico - Praia da Pipa - Rio Grande"]
[Date "2014.10.19"]
[Round "3"]
[Board "64"]
[White "De Vjunior, Liduino Furtado"]
[Black "Camara, Jose Arruda"]
[Result "1-0"]
[WhiteElo "2106"]
[BlackElo "1905"]
[PlyCount "65"]
[EventDate "2014.10.18"]
[EventRounds "11"]
[EventCountry "BRA"]

1. e4 e6 2. d4 d5 3. Nc3 Nf6 4. Bg5 Be7 5. e5 Nfd7 6. h4 a6 7. Qg4 Kf8 8. O-O-O
c5 9. f4 cxd4 10. Rxd4 Nc6 11. Rd2 h6 12. Bxe7+ Nxe7 13. Nf3 b5 14. Bd3 Nc5 15.
Rhd1 b4 16. Ne2 Qa5 17. Kb1 Bd7 18. Nfd4 Bb5 19. f5 exf5 20. Nxf5 Nxf5 21. Bxf5
Bxe2 22. Qxe2 g6 23. Bh3 Re8 24. Rxd5 Qc7 25. Qc4 Ne6 26. Qf1 Rh7 27. Rd6 Kg8
28. Bxe6 fxe6 29. Qxa6 Rhe7 30. Qb6 Qc4 31. Qd4 Qe2 32. b3 Qxg2 33. Rg1 1-0

[Event "IX American Continental Classical Championship 201"]
[Site "Hotel Pipa AtlÃ¢ntico - Praia da Pipa - Rio Grande"]
[Date "2014.10.19"]
[Round "3"]
[Board "65"]
[White "Ramos, Angelo Bil"]
[Black "Gomes, Carlos Henrique Caldeir"]
[Result "1-0"]
[WhiteElo "2093"]
[BlackElo "1888"]
[PlyCount "85"]
[EventDate "2014.10.18"]
[EventRounds "11"]
[EventCountry "BRA"]

1. e4 c6 2. d4 d5 3. exd5 cxd5 4. c4 Nf6 5. Nc3 Nc6 6. Bg5 e6 7. Nf3 Be7 8. c5
O-O 9. Bb5 Ne4 10. Bxe7 Nxc3 11. Bxd8 Nxd1 12. Kxd1 Nxd8 13. Rc1 f6 14. Re1 Rf7
15. Rc3 Bd7 16. Bd3 Nc6 17. a3 a5 18. b3 Re7 19. Bc2 Be8 20. h3 Bg6 21. Rce3
Kf7 22. Bxg6+ hxg6 23. Kd2 Rae8 24. Kc3 Ra8 25. Rd1 Rc7 26. Kb2 a4 27. b4 Na7
28. Nd2 Nb5 29. Nb1 Rh8 30. Nc3 Nxc3 31. Rxc3 Rh4 32. f3 Rd7 33. Rcd3 Rh8 34.
b5 Rc8 35. Kc3 Ke8 36. Kb4 Ra8 37. Rc1 Rc7 38. f4 Kd7 39. Rg3 g5 40. fxg5 f5
41. Re3 b6 42. Rce1 Re8 43. Re5 1-0

[Event "IX American Continental Classical Championship 201"]
[Site "Hotel Pipa AtlÃ¢ntico - Praia da Pipa - Rio Grande"]
[Date "2014.10.19"]
[Round "3"]
[Board "66"]
[White "Ferreira, Jose Carlos"]
[Black "Manzi, Luiz Antonio Bardaro"]
[Result "1-0"]
[WhiteElo "1884"]
[BlackElo "2092"]
[PlyCount "89"]
[EventDate "2014.10.18"]
[EventRounds "11"]
[EventCountry "BRA"]

1. d4 Nf6 2. c4 e6 3. Nc3 Bb4 4. e3 b6 5. Nge2 c5 6. a3 Ba5 7. f3 O-O 8. Ng3
Bxc3+ 9. bxc3 d6 10. Be2 e5 11. e4 Nc6 12. Be3 Qe7 13. O-O Na5 14. Bd3 Be6 15.
Qe2 Rac8 16. d5 Bd7 17. Rf2 Ne8 18. f4 f6 19. Raf1 Nc7 20. Qh5 Qf7 21. Qf3 Rcd8
22. Kh1 Bc8 23. Qe2 Ne8 24. h3 Qc7 25. Rf3 Rd7 26. R1f2 Rdf7 27. f5 Qd7 28. Nf1
Qa4 29. Rg3 Ba6 30. Nd2 Qxa3 31. Rg4 Qxc3 32. Rh4 g5 33. fxg6 hxg6 34. Rh6 Rg7
35. Qg4 Bc8 36. Qxc8 Nc7 37. Rh8+ Kxh8 38. Qxf8+ Kh7 39. Qxf6 Qxd3 40. Qh4+ Kg8
41. Qd8+ Kh7 42. Rf8 g5 43. Rh8+ Kg6 44. Bxg5 Rf7 45. Rh6+ 1-0

[Event "IX American Continental Classical Championship 201"]
[Site "Hotel Pipa AtlÃ¢ntico - Praia da Pipa - Rio Grande"]
[Date "2014.10.19"]
[Round "3"]
[Board "68"]
[White "Da Silva, Izael Brasilino Arau"]
[Black "Ferreira, Kleber Victor"]
[Result "0-1"]
[WhiteElo "1857"]
[BlackElo "2079"]
[PlyCount "87"]
[EventDate "2014.10.18"]
[EventRounds "11"]
[EventCountry "BRA"]

1. d4 f5 2. Nf3 e6 3. c4 Nf6 4. Nc3 Bb4 5. Qc2 O-O 6. Bd2 a5 7. Rd1 d6 8. a3
Bxc3 9. Bxc3 Ne4 10. e3 Nd7 11. Bd3 Ndf6 12. O-O b6 13. b3 Bb7 14. Bb2 Qe8 15.
Nd2 Ng5 16. f3 Qh5 17. e4 fxe4 18. Nxe4 Ngxe4 19. fxe4 Ng4 20. h3 Ne3 21. Qd2
Rxf1+ 22. Rxf1 Nxf1 23. Kxf1 Rf8+ 24. Kg1 Qh4 25. Qe3 Qf4 26. Qe1 h6 27. Bc1
Qf6 28. Qe3 e5 29. d5 Qh4 30. Bd2 Bc8 31. Be2 Bd7 32. a4 Be8 33. Bg4 Bg6 34.
Qe2 Kh7 35. Be1 Qg5 36. Bd2 Qf6 37. Bc1 Qe7 38. Bd2 Be8 39. Qe3 Bd7 40. Bf3 Qf6
41. Kf2 g5 42. Ke2 g4 43. hxg4 Bxg4 44. Qxh6+ 0-1

[Event "IX American Continental Classical Championship 201"]
[Site "Hotel Pipa AtlÃ¢ntico - Praia da Pipa - Rio Grande"]
[Date "2014.10.19"]
[Round "3"]
[Board "69"]
[White "Macedo, Alexandre Soares De"]
[Black "Santos Filho, Tadeu Sousa"]
[Result "0-1"]
[WhiteElo "1854"]
[BlackElo "2074"]
[PlyCount "58"]
[EventDate "2014.10.18"]
[EventRounds "11"]
[EventCountry "BRA"]

1. Nf3 Nf6 2. g3 g6 3. Bg2 Bg7 4. O-O d6 5. c4 O-O 6. Nc3 Nbd7 7. d4 e5 8. dxe5
dxe5 9. e4 c6 10. Qc2 Qc7 11. b3 Re8 12. Bb2 a5 13. Rfd1 Nc5 14. Rab1 Bg4 15.
h3 Bxf3 16. Bxf3 Ne6 17. Ne2 h5 18. Bg2 Nd7 19. a3 Bf8 20. Qc3 Bg7 21. b4 b6
22. Rd3 Nd4 23. Kf1 Nf8 24. Rbd1 Nfe6 25. Qc1 axb4 26. axb4 c5 27. Nc3 cxb4 28.
Nd5 Qc5 29. Kg1 Ne2+ 0-1

[Event "IX American Continental Classical Championship 201"]
[Site "Hotel Pipa AtlÃ¢ntico - Praia da Pipa - Rio Grande"]
[Date "2014.10.19"]
[Round "3"]
[Board "71"]
[White "Vasconcelos, Paulo Cesar Da S."]
[Black "Parente, Renan Braz"]
[Result "0-1"]
[WhiteElo "1844"]
[BlackElo "2071"]
[PlyCount "80"]
[EventDate "2014.10.18"]
[EventRounds "11"]
[EventCountry "BRA"]

1. d4 Nf6 2. c4 c5 3. e3 g6 4. Nc3 Bg7 5. Nge2 O-O 6. g3 Nc6 7. Bg2 d6 8. O-O
Bd7 9. b3 Rb8 10. a3 Qc8 11. Bb2 Bh3 12. Nf4 Bxg2 13. Kxg2 a6 14. Ncd5 e6 15.
Nxf6+ Bxf6 16. Rb1 Rd8 17. d5 Bxb2 18. Rxb2 Ne5 19. Rd2 b5 20. dxe6 Qc6+ 21.
Rd5 bxc4 22. exf7+ Kxf7 23. bxc4 Nxc4 24. Nh3 Nb6 25. Qf3+ Kg7 26. Rf5 Qxf3+
27. Rxf3 Nc4 28. Ng5 Rd7 29. Ne6+ Kg8 30. Rd1 Re7 31. Rb1 Rc8 32. Rf6 Nd2 33.
Rb6 Ne4 34. Rf4 Rxe6 35. Rxa6 c4 36. Rb6 c3 37. Rb1 d5 38. a4 c2 39. Rc1 Rb6
40. f3 Rb1 0-1

[Event "IX American Continental Classical Championship 201"]
[Site "Hotel Pipa AtlÃ¢ntico - Praia da Pipa - Rio Grande"]
[Date "2014.10.19"]
[Round "3"]
[Board "72"]
[White "Silva, Carolina Alves"]
[Black "Rothebarth, Ana Vitoria De Pau"]
[Result "0-1"]
[WhiteElo "1791"]
[BlackElo "2042"]
[PlyCount "82"]
[EventDate "2014.10.18"]
[EventRounds "11"]
[EventCountry "BRA"]

1. e4 e5 2. Nf3 Nc6 3. Bb5 a6 4. Ba4 Nf6 5. O-O Be7 6. Re1 b5 7. Bb3 O-O 8. c3
d6 9. h3 Na5 10. Bc2 c5 11. d4 Qc7 12. Be3 Nc4 13. Bc1 Rd8 14. b3 Na5 15. Bg5
h6 16. Bh4 Nc6 17. d5 Na5 18. Nbd2 Bd7 19. Rb1 Rdc8 20. c4 Qd8 21. Bg3 Qc7 22.
Nh4 g6 23. Qe2 Nh5 24. Nhf3 Nxg3 25. fxg3 Bf6 26. Rf1 Bg7 27. Nh2 Rf8 28. g4
Nb7 29. Rf3 b4 30. Rbf1 a5 31. Qe3 Qd8 32. Rg3 a4 33. g5 hxg5 34. Nhf3 f6 35.
Bd1 axb3 36. axb3 Ra2 37. Nh2 f5 38. exf5 gxf5 39. Qe2 f4 40. Rd3 Bf5 41. Ng4
e4 0-1

[Event "IX American Continental Classical Championship 201"]
[Site "Hotel Pipa AtlÃ¢ntico - Praia da Pipa - Rio Grande"]
[Date "2014.10.19"]
[Round "3"]
[Board "73"]
[White "Beckerman, M."]
[Black "Da Silva Filho, Ibernon Luiz"]
[Result "1-0"]
[WhiteElo "2019"]
[BlackElo "1716"]
[PlyCount "85"]
[EventDate "2014.10.18"]
[EventRounds "11"]
[EventCountry "BRA"]

1. Nf3 Nf6 2. c4 Nc6 3. Nc3 e5 4. d3 Bb4 5. Bd2 O-O 6. e4 Bxc3 7. Bxc3 d6 8. h3
Ne7 9. g3 Ng6 10. Bg2 a5 11. b3 c5 12. O-O Bd7 13. Ne1 b5 14. f4 b4 15. Bd2 Ne7
16. fxe5 dxe5 17. Bg5 Ra6 18. Nc2 Ng6 19. Ne3 h6 20. Bxf6 Rxf6 21. Qd2 Rd6 22.
Nd5 Ne7 23. Qe3 Nxd5 24. cxd5 Qb6 25. Rf2 a4 26. Rc1 Rc8 27. Rfc2 axb3 28. axb3
Bb5 29. Bf1 Bd7 30. Rxc5 Rxc5 31. Qxc5 Qxc5+ 32. Rxc5 Ra6 33. Rc4 Ra1 34. Kf2
Ra2+ 35. Kf3 Ra1 36. Kf2 Ra2+ 37. Ke3 Ra1 38. Bg2 Ra2 39. Bf3 Bxh3 40. Rxb4 Kf8
41. Rb7 Bc8 42. Rb8 Rc2 43. Bg4 1-0

[Event "IX American Continental Classical Championship 201"]
[Site "Hotel Pipa AtlÃ¢ntico - Praia da Pipa - Rio Grande"]
[Date "2014.10.19"]
[Round "3"]
[Board "74"]
[White "Moccero, Eduardo"]
[Black "Araujo, Vitor Angelo Lima"]
[Result "1/2-1/2"]
[WhiteElo "1997"]
[BlackElo "1840"]
[PlyCount "86"]
[EventDate "2014.10.18"]
[EventRounds "11"]
[EventCountry "BRA"]

1. d4 d5 2. Nf3 Nf6 3. e3 Bf5 4. c4 c6 5. Nc3 e6 6. Qb3 Qc7 7. Bd2 Nbd7 8. cxd5
exd5 9. Rc1 Qb6 10. Na4 Qxb3 11. axb3 Ne4 12. Be2 Bd6 13. O-O O-O 14. Rfd1 h6
15. Be1 Bh7 16. b4 a6 17. Nc5 Nexc5 18. bxc5 Bc7 19. Ra1 f5 20. g3 Rae8 21. Bd3
Nf6 22. Ra3 Bb8 23. Rb3 Re7 24. Bc3 Rfe8 25. Ne5 Ng4 26. h3 Nxe5 27. dxe5 g5
28. f4 Rf8 29. Kg2 Kf7 30. Be2 Ke6 31. Kh2 Rg7 32. Bf3 Rfg8 33. Bxd5+ cxd5 34.
Rb6+ Kd7 35. e6+ Ke8 36. Bxg7 Rxg7 37. Rxd5 Bc7 38. Rb4 Re7 39. e4 Rxe6 40.
exf5 Rf6 41. fxg5 hxg5 42. h4 Rxf5 43. Rxf5 Bxf5 {Resto ilegÃ­vel} 1/2-1/2

[Event "IX American Continental Classical Championship 201"]
[Site "Hotel Pipa AtlÃ¢ntico - Praia da Pipa - Rio Grande"]
[Date "2014.10.19"]
[Round "3"]
[Board "75"]
[White "Meneghetti, Alexandre"]
[Black "Moyses Sobrinho, Elias"]
[Result "1-0"]
[WhiteElo "1708"]
[BlackElo "1915"]
[PlyCount "97"]
[EventDate "2014.10.18"]
[EventRounds "11"]
[EventCountry "BRA"]

1. e4 Nf6 2. e5 Nd5 3. c4 Nb6 4. d4 d6 5. f4 dxe5 6. fxe5 Nc6 7. Be3 Bf5 8. a3
e6 9. Nc3 Be7 10. Be2 O-O 11. Nf3 f6 12. O-O fxe5 13. d5 exd5 14. cxd5 Nd4 15.
Nxd4 exd4 16. Bxd4 Nxd5 17. Bc4 c6 18. Qb3 Be6 19. Qxb7 Nc7 20. Rxf8+ Bxf8 21.
Bxe6+ Nxe6 22. Bxa7 Nc5 23. Bxc5 Bxc5+ 24. Kh1 Qe8 25. Qb3+ Kh8 26. Qc4 Bd6 27.
Ne4 Be5 28. Ng5 Ra7 29. Re1 Qh5 30. Nf3 Bxb2 31. Qxc6 h6 32. Re8+ Kh7 33. Qc2+
Qg6 34. Rh8+ Kxh8 35. Qxg6 Rxa3 36. h4 Bf6 37. Qe8+ Kh7 38. Qe4+ Kh8 39. Ne5
Bxe5 40. Qxe5 Ra6 41. Kh2 Rf6 42. g4 Kh7 43. Qe4+ Kg8 44. g5 Rd6 45. Qe7 Rd2+
46. Kg3 Rd3+ 47. Kf2 Rd2+ 48. Ke3 Rg2 49. Qe8+ 1-0

[Event "IX American Continental Classical Championship 201"]
[Site "Hotel Pipa AtlÃ¢ntico - Praia da Pipa - Rio Grande"]
[Date "2014.10.19"]
[Round "3"]
[Board "78"]
[White "Dantas, Rhuan De Araujo"]
[Black "Cardoso, Almir Correia"]
[Result "0-1"]
[WhiteElo "1719"]
[BlackElo "2066"]
[PlyCount "60"]
[EventDate "2014.10.18"]
[EventRounds "11"]
[EventCountry "BRA"]

1. e4 e5 2. Nf3 Nc6 3. Bb5 a6 4. Ba4 Nf6 5. O-O b5 6. Bb3 Be7 7. c3 O-O 8. Re1
d5 9. exd5 Nxd5 10. Nxe5 Nxe5 11. Rxe5 c6 12. d4 Bd6 13. Re1 Qh4 14. g3 Qh3 15.
Qf3 Bg4 16. Qg2 Qh5 17. Nd2 Rae8 18. Rxe8 Rxe8 19. f3 Re1+ 20. Kf2 Bh3 21. Qxh3
Qxh3 22. Kxe1 Qxh2 23. Ne4 Bxg3+ 24. Nxg3 Qxg3+ 25. Ke2 Qg2+ 26. Ke1 h5 27. a4
h4 28. axb5 h3 29. Rxa6 h2 30. Ra8+ Kh7 0-1